[Event "SRI-chB"]
[Site "Colombo"]
[Date "2023.03.06"]
[Round "6"]
[White "Palangoda, UPGM Sasmitha"]
[Black "Morais, Sanithu Leander Pam"]
[Result "0-1"]
[WhiteElo "1414"]
[BlackElo "1573"]
[PlyCount "134"]
[EventDate "2023.03.04"]
[EventType "swiss"]
[EventRounds "11"]
[EventCountry "SRI"]
[SourceTitle "CBM 213 Extra"]
[Source "ChessBase"]
[SourceDate "2023.05.31"]
[SourceVersion "1"]
[SourceVersionDate "2023.05.31"]
[SourceQuality "1"]

1. d4 d5 2. Nf3 Nf6 3. c4 e6 4. Bg5 Be7 5. Nc3 a6 6. e3 0-0 7. Qc2 Nbd7 8. h4 dxc4 9. Bxc4 b5 10. Bd3 Bb7 11. Rd1 h6 12. Ke2 Re8 13. Ne5 Nxe5 14. dxe5 Nd5 15. Nxd5 exd5 16. e6 fxe6 17. Bh7+ Kh8 18. Bxh6 gxh6 19. Qg6 Qd7 20. Bg8 Bf8 21. Bf7 Bg7 22. Bxe8 Qxe8 23. Qc2 Qh5+ 24. f3 Qe5 25. Rd2 a5 26. Rh3 b4 27. Kf2 Rc8 28. Qc5 d4 29. Qxe5 Bxe5 30. exd4 Bf4 31. Rd1 Bd5 32. g3 Bd6 33. b3 a4 34. Rd3 Ra8 35. f4 axb3 36. axb3 Ra3 37. Ke3 Rxb3 38. Rxb3 Bxb3 39. Kd3 Ba2 40. Rh2 b3 41. Kc3 Ba3 42. g4 b2 43. Rxb2 Bxb2+ 44. Kxb2 Bd5 45. Kc3 Kg7 46. Kb4 Kg6 47. Kc5 Bf3 48. g5 h5 49. Kb5 Kf5 50. Kc5 Be4 51. Kc4 Kxf4 52. Kc5 Kg4 53. g6 Bxg6 54. Kc6 Kxh4 55. Kxc7 Kg5 56. Kd6 Bf5 57. d5 exd5 58. Kxd5 h4 59. Kd6 h3 60. Ke7 h2 61. Kf8 h1Q 62. Kg8 Be6+ 63. Kf8 Qf3+ 64. Ke7 Qc6 65. Kf8 Qc7 66. Ke8 Qd7+ 67. Kf8 Qf7# 0-1